Illegal - PinkPantheress - All Lyrics - Statistics

General Stats
  • This quiz has been taken 67 times
  • The average score is 201 of 268
Answer Stats
Answer % Correct
a
100%
(Ah)
100%
Ah-ah,
100%
ah-ah
100%
and
100%
And
100%
by
100%
glad
100%
I
100%
I'll
100%
illegal?
100%
illegal
100%
I'm
100%
is
100%
me
100%
meet
100%
My
100%
my
100%
name
100%
name?
100%
Oh,
100%
ooh,
100%
Ooh
100%
people
100%
Pink
100%
Pink,
100%
really
100%
some
100%
this
100%
to
100%
ya
100%
you
100%
feel
98%
feels
98%
it
98%
recommended
98%
Hey,
96%
your
92%
You're
88%
you're
88%
you're-
88%
we
81%
paranoia
79%
on
77%
on,
77%
for
75%
in
75%
the
75%
bed
73%
One
73%
one,
73%
one
73%
twenty
71%
call
69%
after
67%
sittin'
67%
Two
67%
what
67%
don't
65%
know
63%
now
63%
of
63%
Then,
63%
time
63%
can
60%
should
60%
here's
58%
talk
58%
head
56%
corner
54%
few
54%
times
54%
us
54%
we're
54%
I've
52%
what's
52%
why
52%
later
50%
rush
50%
tell
50%
(Wow)
50%
Wow
50%
instead
48%
like
46%
quite
44%
both
42%
that
42%
all
40%
around
40%
But
40%
heartbeat
40%
high
40%
suffered
40%
when
40%
with
40%
"Come
38%
getting
38%
As
35%
as
35%
into
35%
communicate
33%
through"
33%
mates
31%
again
29%
best
29%
fact
29%
long
29%
shame
29%
think
29%
used
29%
while
29%
girl,
27%
maybe
27%
next
27%
reach
25%
We'll
23%
enough
19%
smoked
19%
works
19%
loud
6%
No matching quizzes found
Score Distribution
Percent of People with Each Score
Percentile by Number Answered
Your Score History
You have not taken this quiz